Planet Game Quiz Stats

 Plays Quiz Updated Feb 21, 2019

Score 0/24 Timer 06:00
3 Plays Today
Hint Answer % Correct
Seven time Grand Slam winner on the WTA, sister of SerenaVenus Williams
78.8%
A day to celebrate the environment, celebrated in the US on April 22ndEarth Day
75.9%
Carnivorous plant that catches and digests animal prey; also a DJ on WKRP in CincinnatiVenus Fly Trap
75.4%
A chocolate candy that is considered a sweeter version of the Milky WayMars Bar
68.6%
Singer of the rock group QueenFreddie Mercury
63.2%
Television show that stared Kristen Bell as the title characterVeronica Mars
60.2%
Book by John Gray offering many suggestions for improving men-women relationshipsMen Are from Mars, Women Are from Venus
59.9%
1998 Bruce Willis film; or what happens when the temperature goes upMercury Rising
44.1%
Train's second album, released in 2001, song also won the Grammy Award for Best Rock SongDrops of Jupiter
35%
An ancient Greek statue and one of the most famous works of ancient Greek sculpture, believed to depict AphroditeVenus de Milo
34.9%
32-bit video game console, made by the makers of the GenesisSega Saturn
32.6%
1996 Tim Burton movie starring Jack Nicholson, Glenn Close, and Michael J. FoxMars Attacks!
28.7%
Hint Answer % Correct
Rock band that is led by actor Jared Leto on lead vocals30 Seconds to Mars
26.1%
2000 John Travolta film based on the L. Ron Hubbard novelBattlefield Earth
23.8%
African American R&B band, winner of 10 Grammys, hit song was 'Shining Star'Earth Wind & Fire
23.4%
2002 movie that stars Eddie Murphy as the owner of a lunar nightclubThe Adventures of Pluto Nash
20%
1989 cult film starring Geena Davis, Jeff Goldblum, and Jim CarreyEarth Girls Are Easy
18.7%
WNBA team that Diana Taurasi currently plays for, winner of the 2007 ChampionshipPhoenix Mercury
17.8%
Record production duo consisting of Pharrell Williams and Chad HugoThe Neptunes
14.2%
1951 (remade in 2008) science fiction film based on the short story 'Farewell to the Master'The Day the Earth Stood Still
11%
DC Comics character also known as Imra Ardeen; talented telepath from the 30th centurySaturn Girl
3.7%
Codename of the Soviet strategic mission in World War II which led to the encirclement of the German Sixth ArmyOperation Uranus
2.9%
One of Alfred Hitchcock's Three Investigators, who were a juvenile detective groupJupiter Jones
2.7%
1999 novel by W.G. Sebald, recording his travels of Suffolk in EnglandThe Rings of Saturn
1.6%

You're not logged in!

Compare scores with friends on all Sporcle quizzes.
OR
Log In

Sporcle TV

Today on Sporcle TV


Watch our educational content, quiz creation guides, and fun videos on Sporcle TV.

Show Comments

Extras

Top Quizzes Today


Score Distribution

Your Account Isn't Verified!

In order to create a playlist on Sporcle, you need to verify the email address you used during registration. Go to your Sporcle Settings to finish the process.

Report this User

Report this user for behavior that violates our Community Guidelines.

Details: